Équipes ayant remporté de la Ligue des Nations - Statistiques

Statistiques générales
  • Ce quiz a été pris 78 fois
  • Le résultat moyen est 24 sur 44
Statistiques - réponses
Hint Réponse % Correct
ATT Kylian Mbappé
95%
ATT Cristiano Ronaldo
93%
ATT Cristiano Ronaldo
93%
G Hugo Lloris
90%
MIL Vitinha
85%
DEF Théo Hernandez
84%
MIL Paul Pogba
82%
ATT Antoine Griezmann
81%
ATT Karim Benzema
79%
DEF Raphaël Varane
78%
DEF João Neves
77%
DEF Nuno Mendes
74%
DEF Benjamin Pavard
73%
G Diogo Costa
70%
MIL Bernardo Silva
68%
MIL Bernardo Silva
68%
DEF Rúben Dias
67%
DEF Rúben Dias
67%
G Rui Patrício
67%
MIL Bruno Fernandes
64%
MIL Bruno Fernandes
64%
G Unai Simón
63%
ATT Álvaro Morata
60%
MIL Aurélien Tchouaméni
59%
DEF Jules Koundé
56%
MIL Gavi
51%
DEF Aymeric Laporte
44%
DEF Robin Le Normand
41%
MIL Danilo Pereira
38%
MIL Rodri
38%
DEF Presnel Kimpembe
37%
ATT Pedro Neto
36%
MIL Fabián Ruiz
34%
DEF Gonçalo Inácio
34%
DEF Nélson Semedo
32%
DEF Jordi Alba
29%
ATT Francisco Conceição
26%
DEF Raphaël Guerreiro
26%
MIL William Carvalho
25%
DEF José Fonte
23%
ATT Gonçalo Guedes
22%
DEF Jesús Navas
15%
ATT Marco Asensio
15%
ATT Yeremi Pino
12%
Aucun quiz correspondant
Distribution des résultats
% des personnes avec chaque résultat
Percentile par nombre de réponses
Votre historique - résultats
Vous n’avez pas pris ce quiz